| 000 | 00372nam a2200169Ia 4500 | ||
|---|---|---|---|
| 100 | _aDeoppner/Thomas W | ||
| 650 | _aOpearting systems | ||
| 942 | _cBK | ||
| 366 | _f27 | ||
| 654 | _aoperating systems | ||
| 245 | _aOperating systems in depth | ||
| 260 |
_bWiley India _c2011 |
||
| 082 |
_a5.43 _bDEO |
||
| 300 | _a444 | ||
| 546 |
_aENGLISH _cComputers |
||
| 999 |
_c22017 _d22017 |
||